LEADER 00972cam0-22003731i-450- 001 990005762840403321 005 20070725110016.0 035 $a000576284 035 $aFED01000576284 035 $a(Aleph)000576284FED01 035 $a000576284 100 $a19990604d1933----km-y0itay50------ba 101 0 $aita 102 $aIT 105 $ay-------001yy 200 1 $a<>Ungheria$fElio Migliorini 210 $aRoma$cPaolo Cremonese$d1933 215 $a191 p.$cill.$d16 cm 225 1 $aOmnia$v30 610 0 $aUngheria 610 0 $aAgricoltura 676 $a021.034 700 1$aMigliorini,$bElio$f<1902-1988>$031980 801 0$aIT$bUNINA$gRICA$2UNIMARC 901 $aBK 912 $a990005762840403321 952 $aGLOTT. C II b 83$bIST.GLOTT. S.I.$fFLFBC 952 $a021.034.MIG$b10746$fDECGE 952 $aH-05-038$bIst. 2645$fILFGE 959 $aFLFBC 959 $aDECGE 959 $aILFGE 996 $aUngheria$9570581 997 $aUNINA